| 000 | 01142cam a2200337 i 4500 | ||
|---|---|---|---|
| 001 | 25069 | ||
| 003 | Mx-PuUPA | ||
| 005 | 20260317145459.0 | ||
| 008 | 140415s1985 mx gr 000 f spa d | ||
| 020 | _a9789681343668 | ||
| 040 |
_aMx-PuUPA _bspa _cMx-PuUPA _dMx-PuUPA _erda |
||
| 041 | 0 | _aspa | |
| 043 | _ack----- | ||
| 100 | 1 |
_aGarcía Márquez, Gabriel, _d1927-2014 _eautor _96274 |
|
| 245 | 1 | 3 |
_aEl amor en los tiempos del cólera / _cGabriel García Márquez |
| 250 |
_aPrimera edición en esta presentación especial / _bdiciembre |
||
| 264 | 1 |
_aMéxico, D.F. : _bEditorial Diana, _c2007 |
|
| 300 |
_a379 páginas : _c22 cm |
||
| 336 |
_2rdacontent _atexto _btxt |
||
| 337 |
_2rdamedia _asin medio _bn |
||
| 338 |
_2rdacarrier _avolumen _bnc |
||
| 500 | _a"Premio Nobel 1982".-- Cubierta. | ||
| 500 | _aReimpresiones: (cuadragésima, septiembre, 2007). | ||
| 650 | 1 |
_2armarc _aRelaciones hombre-mujer _vNovela |
|
| 650 | 1 |
_2armarc _aNovela colombiana _ySiglo XX |
|
| 651 | 4 |
_aColombia _vNovela |
|
| 655 | 4 | _aNovela romántica | |
| 942 |
_2ddc _cLI _h863.6 _iG22 |
||
| 999 |
_c25069 _d25069 |
||